000
00227nam a22000857a 4500
008
161201b xxu||||| |||| 00| 0 eng d
100
_9
1657
_a
Ram,S.K
245
_a
Learning To Communicate : Activity
260
_a
New Delhi
_b
Oxford
_c
2005
999
_c
4369
_d
4369